00521nam a2200217Ia 4500008004100000020001800041100001800059245001700077245001800094260001500112260002000127260000900147300001600156300003700172300001100209440001500220650001900235650001600254650002500270700000800295160803s9999 xx 000 0 und d a9780531218266 aFriedman, Mel aAntarctica / cMel Friedman. aNew York : bScholastic Inc. c2009 a48 pages :  billustrations (chiefly color) ;  c23 cm. aTrue book. aAntarctica --  aAntarctica. xJuvenile literature. a740